Managing pain in children : (Record no. 134429)
[ view plain ]
| 000 -LEADER | |
|---|---|
| fixed length control field | 02045nam a2200397 i 4500 |
| 001 - CONTROL NUMBER | |
| control field | ebr10780704 |
| 003 - CONTROL NUMBER IDENTIFIER | |
| control field | CaPaEBR |
| 006 - FIXED-LENGTH DATA ELEMENTS--ADDITIONAL MATERIAL CHARACTERISTICS--GENERAL INFORMATION | |
| fixed length control field | m o d |
| 007 - PHYSICAL DESCRIPTION FIXED FIELD--GENERAL INFORMATION | |
| fixed length control field | cr cn||||||||| |
| 008 - FIXED-LENGTH DATA ELEMENTS--GENERAL INFORMATION | |
| fixed length control field | 131029s2014 njua ob 001 0 eng|d |
| 020 ## - INTERNATIONAL STANDARD BOOK NUMBER | |
| Cancelled/invalid ISBN | 9780470670545 (pbk.) |
| International Standard Book Number | 9781118514634 (e-book) |
| 040 ## - CATALOGING SOURCE | |
| Original cataloging agency | CaPaEBR |
| Language of cataloging | eng |
| Description conventions | rda |
| -- | pn |
| Transcribing agency | CaPaEBR |
| 035 ## - SYSTEM CONTROL NUMBER | |
| System control number | (OCoLC)868967153 |
| 050 14 - LIBRARY OF CONGRESS CALL NUMBER | |
| Classification number | RJ365 |
| Item number | .M36 2014eb |
| 082 04 - DEWEY DECIMAL CLASSIFICATION NUMBER | |
| Classification number | 314 |
| 245 00 - TITLE STATEMENT | |
| Title | Managing pain in children : |
| Remainder of title | a clinical guide for nurses and healthcare professionals / |
| Statement of responsibility, etc | edited by Alison Twycross, Head of Department, Children's Nursing, Reader, Children's Pain Management, London South Bank University, United Kingdom, Stephanie Dowden, Clinical Nurse Consultant, Paediatric Palliative Care, Princess Margaret Hospital for Children, Perth, Australia and Jennifer Stinson, Nurse Clinician Scientist and Nurse Practitioner, Chronic Pain Programme, The Hospital for Sick Children, Associate Professor of Nursing, Lawrence S. Bloomberg, Faculty of Nursing, University of Toronto, Toronto, Canada. |
| 250 ## - EDITION STATEMENT | |
| Edition statement | Second edition. |
| 264 #1 - PRODUCTION, PUBLICATION, DISTRIBUTION, MANUFACTURE, AND COPYRIGHT NOTICE | |
| Place of production, publication, distribution, manufacture | Hoboken : |
| Name of producer, publisher, distributor, manufacturer | Wiley Blackwell, |
| Date of production, publication, distribution, manufacture, or copyright notice | 2014. |
| 300 ## - PHYSICAL DESCRIPTION | |
| Extent | 1 online resource (314 pages) : |
| Other physical details | illustrations |
| 336 ## - CONTENT TYPE | |
| Content type term | text |
| Source | rdacontent |
| 337 ## - MEDIA TYPE | |
| Media type term | computer |
| Source | rdamedia |
| 338 ## - CARRIER TYPE | |
| Carrier type term | online resource |
| Source | rdacarrier |
| 504 ## - BIBLIOGRAPHY, ETC. NOTE | |
| Bibliography, etc | Includes bibliographical references and index. |
| 588 ## - SOURCE OF DESCRIPTION NOTE | |
| Source of description note | Description based on online resource; title from PDF title page (ebrary, viewed October 23, 2013). |
| 590 ## - LOCAL NOTE (RLIN) | |
| Local note | Electronic reproduction. Palo Alto, Calif. : ebrary, 2013. Available via World Wide Web. Access may be limited to ebrary affiliated libraries. |
| 650 #0 - SUBJECT ADDED ENTRY--TOPICAL TERM | |
| Topical term or geographic name as entry element | Children. |
| Topical term or geographic name as entry element | Pain |
| General subdivision | Treatment. |
| Topical term or geographic name as entry element | Evidence-based nursing. |
| 655 #0 - INDEX TERM--GENRE/FORM | |
| Genre/form data or focus term | Electronic books. |
| 700 1# - ADDED ENTRY--PERSONAL NAME | |
| Personal name | Twycross, Alison. |
| Personal name | Dowden, Stephanie. |
| Personal name | Stinson, Jennifer. |
| 797 2# - LOCAL ADDED ENTRY--CORPORATE NAME (RLIN) | |
| Corporate name or jurisdiction name as entry element | ebrary. |
| 856 40 - ELECTRONIC LOCATION AND ACCESS | |
| Uniform Resource Identifier | <a href="http://site.ebrary.com/lib/rucke/Doc?id=10780704">http://site.ebrary.com/lib/rucke/Doc?id=10780704</a> |
| Public note | An electronic book accessible through the World Wide Web; click to view |
No items available.
